Integrační role logistiky v řízení podniku

Kvalitatívne nové poslanie logistiky - úloha integrátora. Logistická interpretácia pojmov systém a proces. Objednávkové chovanie hlavných článkov dodávateľského reťazca.

Salvato in:
Dettagli Bibliografici
Autore principale: Král, Jaroslav
Natura: Capitolo di libro
Lingua:ceco
Soggetti:
Tags: Aggiungi Tag
Nessun Tag, puoi essere il primo ad aggiungerne!!

MARC

LEADER 00000naa a2200000 4500
001 r049202
005 20231003123731.5
041 0 |a cze 
044 |a CZ 
245 1 0 |a Integrační role logistiky v řízení podniku  |c Jaroslav Král 
520 |a Kvalitatívne nové poslanie logistiky - úloha integrátora. Logistická interpretácia pojmov systém a proces. Objednávkové chovanie hlavných článkov dodávateľského reťazca. 
610 2 0 |a logistika 
610 2 0 |a logistika integrovaná 
610 2 0 |a riadenie podnikové 
610 2 0 |a pojmy 
610 2 0 |a reťazce dodávateľsko-odberateľské 
610 2 0 |a integrácia 
100 1 |a Král, Jaroslav